00605nam a2200205Ia 4500008004100000041001000041082001200051100002200063245004400085365000800129520001000137546001000147630004400157650001000201655001000211730004400221942000900265999001900274952010600293101110s9999 xx 000 0 und d aHINDI bSR21577 aMaheshwari Suresh aSwatantryottar Hindi Vyang Ka Mulyankan b240 aHindi aHINDI aSwatantryottar Hindi Vyang Ka Mulyankan aHindi aHindi aSwatantryottar Hindi Vyang Ka Mulyankan cBOOK c814429d814426 00104070aDBJbDBJc9Bd2010-11-11g240.00j4l0pDBJSR21577r2010-11-11 00:00:00w2010-11-11yBOOK